Jaké jsou slabiny ekonomiky Velké Británie?
Makroekonomická analýza zameraná na identifikáciu silných a slabých stránok ekonomiky ukazuje, že Veľká Británia po voľbách v roku 2016, kedy došlo k rozhodnutiu vystúpiť z Európskej únie, vstúpila do obdobia, v ktorom sa v nemalej miere začali presadzovať trendy k oslabovaniu ekonomiky. Pohľad na v...
Saved in:
| Main Author: | |
|---|---|
| Format: | Book Chapter |
| Language: | Czech |
| Subjects: | |
| Tags: |
No Tags, Be the first to tag this record!
|
MARC
| LEADER | 00000naa a2200000 4500 | ||
|---|---|---|---|
| 001 | 0249650 | ||
| 005 | 20221104110452.3 | ||
| 041 | 0 | |a cze | |
| 044 | |a CZ | ||
| 245 | 1 | 0 | |a Jaké jsou slabiny ekonomiky Velké Británie? |c Slavoj Czesaný |
| 520 | |a Makroekonomická analýza zameraná na identifikáciu silných a slabých stránok ekonomiky ukazuje, že Veľká Británia po voľbách v roku 2016, kedy došlo k rozhodnutiu vystúpiť z Európskej únie, vstúpila do obdobia, v ktorom sa v nemalej miere začali presadzovať trendy k oslabovaniu ekonomiky. Pohľad na výkonnosť britskej ekonomiky. | ||
| 610 | 2 | 0 | |a Veľká Británia |
| 610 | 2 | 0 | |a vývoj hospodársky |
| 610 | 2 | 0 | |a Európska únia |
| 610 | 2 | 0 | |a dezintegrácia |
| 610 | 2 | 0 | |a meranie výkonnosti |
| 100 | 1 | |a Czesaný, Slavoj | |